[Event "DLM 2010"]
[Site "Stuttgart GER"]
[Date "2010.11.20"]
[Round "7"]
[White "Poetsch, Hagen"]
[Black "Colpe, Malte"]
[Result "1-0"]
[Termination "normal"]
[Board "1.1"]
[WhiteTitle "FM"]
[WhiteElo "2395"]
[BlackElo "2228"]
[WhiteTeam "Hessen 1"]
[BlackTeam "Hamburg"]
[WhiteFideId "24615137"]
[BlackFideId "24623075"]
[EventCountry "GER"]
[EventRounds "7"]
[EventType "team-swiss"]
[EventDate "2010.11.16"]

1. e4 c5 2. Nf3 d6 3. d4 cxd4 4. Nxd4 Nf6 5. Nc3 a6 6. h3 e6 7. g4 b5 8. g5
Nfd7 9. Bg2 Bb7 10. a3 Be7 11. h4 Nc6 12. Be3 Qc7 13. Nxc6 Bxc6 14. Qe2 Nb6 15.
Bd4 e5 16. Be3 Nc4 17. Bc1 f5 18. gxf6 Bxf6 19. Qh5+ g6 20. Qg4 Qd7 21. Qg3 Qe7
22. b3 Nb6 23. Be3 Nd7 24. O-O-O Nf8 25. h5 g5 26. Bh3 Ne6 27. Bxe6 Qxe6 28.
Nd5 Bxd5 29. Rxd5 h6 30. Kb2 O-O 31. Ra1 Rfc8 32. a4 b4 33. Bd2 a5 34. c4 bxc3+
35. Bxc3 Rc5 36. Rad1 Rb8 37. Bxa5 Qc8 38. Qd3 Be7 39. Rxc5 Qxc5 40. Qd5+ Qxd5
41. Rxd5 Rb7 42. Bd2 Kf7 43. a5 Ke6 44. b4 Rb8 45. b5 Bd8 46. Bb4 Be7 47. a6
Ra8 48. Ba5 Kd7 49. b6 1-0

[Event "DLM 2010"]
[Site "Stuttgart GER"]
[Date "2010.11.20"]
[Round "7"]
[White "Borgmeyer, Max"]
[Black "Geske, Julian"]
[Result "0-1"]
[Termination "normal"]
[Board "1.2"]
[BlackTitle "FM"]
[WhiteElo "2170"]
[BlackElo "2364"]
[WhiteTeam "Hamburg"]
[BlackTeam "Hessen 1"]
[WhiteFideId "24615870"]
[BlackFideId "24605263"]
[EventCountry "GER"]
[EventRounds "7"]
[EventType "team-swiss"]
[EventDate "2010.11.16"]

1. e4 d5 2. exd5 Qxd5 3. Nc3 Qa5 4. d4 Nf6 5. Bd2 Bg4 6. f3 Bf5 7. g4 Bg6 8. f4
e6 9. f5 exf5 10. Qe2+ Kd7 11. Nf3 Nc6 12. O-O-O Re8 13. Qc4 Kc8 14. Nb5 Qb6
15. d5 Re4 16. Qd3 Nb4 17. Bxb4 Bxb4 18. Nfd4 fxg4 19. Qc4 Bc5 20. Bg2 a6 21.
Bxe4 axb5 22. Nxb5 Nxe4 23. Rhe1 Nd6 24. Nxd6+ Bxd6 25. Qxg4+ Kb8 26. Rd4 Qa5
27. Red1 Re8 28. Qd7 Re1 29. Qd8+ Ka7 30. Qh4 Rxd1+ 31. Kxd1 Qb5 32. Ra4+ Kb6
33. Qd4+ Bc5 34. Qf4 Qxb2 35. Rc4 Qxa2 36. Kd2 Qa5+ 37. Ke2 Bh5+ 0-1

[Event "DLM 2010"]
[Site "Stuttgart GER"]
[Date "2010.11.20"]
[Round "7"]
[White "Ohme, Melanie"]
[Black "Müller, Tobias"]
[Result "1/2-1/2"]
[Termination "normal"]
[Board "1.3"]
[WhiteTitle "WIM"]
[WhiteElo "2311"]
[BlackElo "2064"]
[WhiteTeam "Hessen 1"]
[BlackTeam "Hamburg"]
[WhiteFideId "4690745"]
[BlackFideId "24643394"]
[EventCountry "GER"]
[EventRounds "7"]
[EventType "team-swiss"]
[EventDate "2010.11.16"]

1. e4 c5 2. Nf3 d6 3. d4 cxd4 4. Nxd4 Nf6 5. Nc3 g6 6. Be2 Bg7 7. O-O O-O 8.
Bg5 Nc6 9. Nb3 a6 10. Re1 Nd7 11. Qc1 Re8 12. Nd5 b5 13. c3 Bb7 14. a4 bxa4 15.
Rxa4 Nb6 16. Nxb6 Qxb6 17. Qc2 Rec8 18. Be3 Qd8 19. Rea1 a5 20. Bb5 Nb4 21. Qb1
Bc6 22. Rxa5 Rab8 23. Be2 Nd3 24. Bxd3 Rxb3 25. Bc4 Bxc3 26. Bxb3 Bxa5 27. Qa2
Bb6 28. Bxf7+ Kg7 29. Bd5 Bxe3 30. fxe3 Bxd5 31. Qxd5 Qb6 32. Qd2 Rc4 33. Rf1
Rxe4 34. Qc3+ Re5 35. Re1 Qa5 36. Qxa5 Rxa5 37. Kf2 Rb5 38. Re2 Kf6 39. Kf3 Ke5
40. Rc2 Rb4 41. Rc7 Kf6 42. Rc2 1/2-1/2

[Event "DLM 2010"]
[Site "Stuttgart GER"]
[Date "2010.11.20"]
[Round "7"]
[White "Hahn, Markus"]
[Black "Krüger, David"]
[Result "1-0"]
[Termination "normal"]
[Board "1.5"]
[WhiteElo "2078"]
[BlackElo "1696"]
[WhiteTeam "Hessen 1"]
[BlackTeam "Hamburg"]
[WhiteFideId "24654647"]
[BlackFideId "12921858"]
[EventCountry "GER"]
[EventRounds "7"]
[EventType "team-swiss"]
[EventDate "2010.11.16"]

1. d4 d5 2. Nf3 Nf6 3. e3 Nbd7 4. c4 c6 5. Be2 e6 6. b3 Be7 7. O-O O-O 8. Bb2
Re8 9. Nc3 b6 10. Qc2 Bb7 11. Rfd1 Qc7 12. Rac1 c5 13. cxd5 exd5 14. Bd3 Rac8
15. Bf5 g6 16. Bh3 Rcd8 17. Qe2 Qb8 18. Ba3 Bf8 19. g3 Bg7 20. Bg2 cxd4 21.
Nxd4 Nf8 22. Qd3 Ne6 23. Nce2 Nd7 24. Qd2 Ng5 25. Qc2 Rc8 26. Qb1 Rcd8 27. Bb2
Ne4 28. Nc6 Bxc6 29. Rxc6 Qb7 30. Rcc1 Ndc5 31. Bxg7 Kxg7 32. Qc2 Qe7 33. Nd4
Rc8 34. b4 Nxf2 35. Qxf2 Nd3 36. Rxc8 Nxf2 37. Rxe8 Qxe8 38. Kxf2 Qa4 39. Rd2
Qxb4 40. Rc2 Qa5 41. Nb3 Qa6 42. Bxd5 Qd3 43. Rd2 Qf5+ 44. Kg2 Qe5 45. Kf2 a5
46. Bf3 a4 47. Nd4 Qa5 48. Rb2 a3 49. Rc2 b5 50. Bd5 b4 51. Bb3 Qb6 52. Kg1 Qb7
53. Rf2 f5 54. Rc2 Qa7 55. Rc7+ Qxc7 56. Ne6+ Kf6 57. Nxc7 Ke5 58. Kf2 h5 59.
h4 Kf6 60. Nd5+ Ke5 61. Nxb4 Kf6 62. Nc2 1-0

[Event "DLM 2010"]
[Site "Stuttgart GER"]
[Date "2010.11.20"]
[Round "7"]
[White "Lemke, Berfîn"]
[Black "Tran, My Linh"]
[Result "0-1"]
[Termination "normal"]
[Board "1.6"]
[WhiteElo "1442"]
[BlackElo "1895"]
[WhiteTeam "Hamburg"]
[BlackTeam "Hessen 1"]
[WhiteFideId "1270578"]
[BlackFideId "24682462"]
[EventCountry "GER"]
[EventRounds "7"]
[EventType "team-swiss"]
[EventDate "2010.11.16"]

1. e4 e5 2. Nf3 Nc6 3. Bc4 Bc5 4. d3 Nf6 5. Nc3 d6 6. Bg5 Na5 7. Bb3 Nxb3 8.
axb3 c6 9. O-O Bg4 10. Re1 h6 11. Be3 Bb6 12. h3 Bh5 13. Qe2 O-O 14. Rad1 Nh7
15. Rd2 Ba5 16. d4 Qe7 17. dxe5 dxe5 18. Red1 Nf6 19. Rd3 Bc7 20. Na4 b6 21.
Nc3 Rfd8 22. Kh1 Rxd3 23. Rxd3 Rd8 24. Rd1 Nd7 25. Nb1 Nc5 26. Nbd2 Ne6 27. Nf1
Qf6 28. Rxd8+ Bxd8 29. N1d2 Nf4 30. Bxf4 Qxf4 31. Qd3 Qf6 32. Qc3 Bc7 33. Qd3
b5 34. b4 Bb6 35. Kg1 Qe7 36. c3 Bg6 37. b3 a6 38. Qe2 Qd6 39. Nh4 Bh7 40. Nf1
g5 41. Nf5 Bxf5 42. exf5 Qe7 43. Ng3 c5 44. bxc5 Qxc5 45. Ne4 Qa3 46. Qh5 Qc1+
47. Kh2 Qf4+ 48. Ng3 Bxf2 49. Qf3 Qxf3 50. gxf3 Bxg3+ 51. Kxg3 Kg7 52. b4 Kf6
53. Kg4 h5+ 54. Kxh5 Kxf5 0-1

[Event "DLM 2010"]
[Site "Stuttgart GER"]
[Date "2010.11.20"]
[Round "7"]
[White "Höpfner, Tim"]
[Black "Hölzer, Jeanette"]
[Result "1-0"]
[Termination "normal"]
[Board "1.7"]
[WhiteElo "1907"]
[BlackElo "1371"]
[WhiteTeam "Hessen 1"]
[BlackTeam "Hamburg"]
[WhiteFideId "4638310"]
[BlackFideId "12917982"]
[EventCountry "GER"]
[EventRounds "7"]
[EventType "team-swiss"]
[EventDate "2010.11.16"]

1. d4 Nf6 2. c4 g6 3. Nc3 Bg7 4. e4 d6 5. f3 O-O 6. Be3 e5 7. d5 a5 8. Nge2
Nbd7 9. Nc1 b6 10. Nd3 Nc5 11. a3 Nfd7 12. b4 Nxd3+ 13. Bxd3 f5 14. O-O f4 15.
Bf2 g5 16. Nb5 Nf6 17. Be2 h5 18. Rc1 Ne8 19. c5 bxc5 20. bxc5 Rf6 21. Qc2 Rg6
22. cxd6 cxd6 23. Nc7 Nxc7 24. Qxc7 Qxc7 25. Rxc7 g4 26. Rfc1 Ba6 27. Bxa6 Rxa6
28. fxg4 Rxg4 29. R1c6 Ra8 30. Kf1 Bf8 31. Rb7 Rg7 32. Rxg7+ Kxg7 33. Bb6 Rb8
34. Bxa5 Rb3 35. Bb4 Re3 36. Rc4 Rb3 37. a4 Rb1+ 38. Ke2 Ra1 39. Kd3 Rxa4 40.
Bxd6 Rxc4 41. Bxe5+ Kf7 42. Kxc4 Ke7 43. Bxf4 1-0

[Event "DLM 2010"]
[Site "Stuttgart GER"]
[Date "2010.11.20"]
[Round "7"]
[White "Ludwig, Maria"]
[Black "Graf, Clara Victoria"]
[Result "0-1"]
[Termination "normal"]
[Board "1.8"]
[WhiteElo "1027"]
[BlackElo "1739"]
[WhiteTeam "Hamburg"]
[BlackTeam "Hessen 1"]
[WhiteFideId "24655791"]
[BlackFideId "1270339"]
[EventCountry "GER"]
[EventRounds "7"]
[EventType "team-swiss"]
[EventDate "2010.11.16"]

1. f4 c5 2. Nf3 Nc6 3. b3 g6 4. Bb2 Nf6 5. e3 Bg7 6. Bb5 O-O 7. Bxc6 dxc6 8.
O-O b6 9. d3 Bg4 10. Nbd2 Qc7 11. c4 Rad8 12. Qc2 Rfe8 13. Be5 Qc8 14. e4 Bxf3
15. Nxf3 Ng4 16. Qe2 Nxe5 17. fxe5 h6 18. Rad1 Rf8 19. Nh4 Bxe5 20. Qe3 Bd4 21.
Qxd4 cxd4 0-1

[Event "DLM 2010"]
[Site "Stuttgart GER"]
[Date "2010.11.20"]
[Round "7"]
[White "Farmani Anosheh, Armin"]
[Black "Lubbe, Nikolas"]
[Result "0-1"]
[Termination "normal"]
[Board "2.1"]
[WhiteElo "2207"]
[BlackElo "2367"]
[WhiteTeam "Baden"]
[BlackTeam "Niedersachsen"]
[WhiteFideId "24613240"]
[BlackFideId "4694031"]
[EventCountry "GER"]
[EventRounds "7"]
[EventType "team-swiss"]
[EventDate "2010.11.16"]

1. d4 Nf6 2. c4 c5 3. d5 e6 4. Nc3 exd5 5. cxd5 d6 6. Nf3 g6 7. Bf4 Bg7 8. Qa4+
Bd7 9. Qb3 Qc7 10. e3 Nh5 11. Bg3 Nxg3 12. hxg3 O-O 13. Nd2 Na6 14. Bb5 Bxb5
15. Nxb5 Qd7 16. a3 c4 17. Qxc4 Rfc8 18. Qe2 Rc2 19. Rb1 Nc5 20. Rh4 g5 21. Rg4
h6 22. Rb4 a5 23. Rd4 Nb3 24. Qd3 Nxd2 25. Qxc2 Nxb1 26. Nc7 Nxa3 27. bxa3 Bxd4
28. Nxa8 Bc5 29. Qb2 b5 30. Qf6 Qc8 31. Qxh6 Qxa8 32. Qxg5+ Kf8 33. Qh6+ Ke7
34. Qg5+ Kd7 35. Qf5+ Ke8 36. Qg5 Qb7 37. Qg8+ Ke7 38. Qg5+ Kd7 39. Qg4+ Kc7
40. Qf5 Kb8 0-1

[Event "DLM 2010"]
[Site "Stuttgart GER"]
[Date "2010.11.20"]
[Round "7"]
[White "Schulz, Jens"]
[Black "Petermann, Michail"]
[Result "1-0"]
[Termination "normal"]
[Board "2.2"]
[WhiteElo "2173"]
[BlackElo "2139"]
[WhiteTeam "Niedersachsen"]
[BlackTeam "Baden"]
[WhiteFideId "24675687"]
[BlackFideId "24643530"]
[EventCountry "GER"]
[EventRounds "7"]
[EventType "team-swiss"]
[EventDate "2010.11.16"]

1. e4 c5 2. Nf3 a6 3. c3 d5 4. exd5 Qxd5 5. d4 e6 6. Be2 Nc6 7. O-O cxd4 8.
cxd4 Nf6 9. Nc3 Qd6 10. Bg5 Be7 11. Qd2 O-O 12. Rfe1 Nd5 13. Bc4 Bxg5 14. Nxg5
Nb6 15. Bd3 h6 16. Nf3 Rd8 17. Rad1 Nd5 18. Bb1 Nf6 19. Qe3 Nb4 20. Ne4 Qe7 21.
Nxf6+ Qxf6 22. Qe4 g6 23. Ne5 Nd5 24. Rd3 Qf5 25. Rf3 Qxe4 26. Bxe4 f5 27. Bxd5
Rxd5 28. Rd1 g5 29. Rh3 Bd7 30. Nxd7 Rxd7 31. Rxh6 Rad8 32. Rxe6 Rxd4 33. Rxd4
Rxd4 34. Kf1 Rd2 35. Rb6 Rd7 36. Rg6+ Kf7 37. Rxg5 Kf6 38. Rg3 Rd2 39. Rb3 b5
40. g3 f4 41. Kg2 fxg3 42. hxg3 Kf5 43. Kf3 Rc2 44. g4+ Ke5 45. Kg3 Kd4 46. f4
Kc4 47. Rc3+ Rxc3+ 48. bxc3 Kxc3 49. g5 1-0

[Event "DLM 2010"]
[Site "Stuttgart GER"]
[Date "2010.11.20"]
[Round "7"]
[White "Noe, Christopher"]
[Black "Schreiner, Till"]
[Result "1/2-1/2"]
[Termination "normal"]
[Board "2.3"]
[WhiteElo "1859"]
[BlackElo "2149"]
[WhiteTeam "Baden"]
[BlackTeam "Niedersachsen"]
[WhiteFideId "24692018"]
[BlackFideId "24675555"]
[EventCountry "GER"]
[EventRounds "7"]
[EventType "team-swiss"]
[EventDate "2010.11.16"]

1. c4 Nf6 2. Nc3 d5 3. cxd5 Nxd5 4. g3 e5 5. Bg2 Nb6 6. Nf3 Nc6 7. d3 Be7 8.
Bd2 O-O 9. O-O Be6 10. Rc1 a5 11. Be3 Nd5 12. Nxd5 Bxd5 13. a3 f5 14. Bc5 Kh8
15. e4 Be6 16. exf5 Bxf5 17. d4 Bxc5 18. Rxc5 exd4 19. Nh4 Bd7 20. Rh5 Be8 21.
Be4 h6 22. Rd5 Qe7 23. Re1 Rd8 24. Rxd8 Qxd8 25. Bb1 Qf6 26. f4 g6 27. Qg4 d3
28. Re6 Qd4+ 29. Kg2 Qd5+ 30. Kf2 h5 31. Nxg6+ Kg7 32. Ne7+ hxg4 33. Nxd5 Bf7
34. Nxc7 Rc8 35. Bxd3 Rxc7 36. Rd6 Ne7 37. Be4 b5 38. Ke3 Ng8 39. Bd3 Rc5 40.
b4 axb4 41. axb4 Rh5 42. Rb6 Rxh2 43. Rxb5 Nf6 44. Rg5+ Kf8 45. Bf5 Rg2 46.
Bxg4 1/2-1/2

[Event "DLM 2010"]
[Site "Stuttgart GER"]
[Date "2010.11.20"]
[Round "7"]
[White "Tennert, Simon"]
[Black "Frey, Alisa"]
[Result "1-0"]
[Termination "normal"]
[Board "2.4"]
[WhiteElo "2025"]
[BlackElo "2045"]
[WhiteTeam "Niedersachsen"]
[BlackTeam "Baden"]
[WhiteFideId "1270445"]
[BlackFideId "24634662"]
[EventCountry "GER"]
[EventRounds "7"]
[EventType "team-swiss"]
[EventDate "2010.11.16"]

1. e4 e5 2. Nf3 Nc6 3. d4 exd4 4. Nxd4 Bc5 5. Nxc6 Qf6 6. Qf3 dxc6 7. Bd3 Be6
8. Nc3 O-O-O 9. Bd2 h6 10. h3 g5 11. Qxf6 Nxf6 12. Na4 Bd4 13. Bc3 Rhe8 14.
O-O-O Nh5 15. Bxd4 Rxd4 16. Nc5 Nf4 17. Nxe6 Rxe6 18. g3 Nxd3+ 19. cxd3 c5 20.
b3 b5 21. Rhe1 c4 22. dxc4 Rxd1+ 23. Kxd1 bxc4 24. Re3 Ra6 25. bxc4 Rxa2 26.
Rf3 Ra4 27. Rxf7 Rxc4 28. e5 Re4 29. f4 a5 30. Kc2 Kd8 31. Kd3 Re1 32. Kd4 gxf4
33. gxf4 a4 34. Kd5 a3 35. Rf8+ Kd7 36. Ra8 Re3 37. f5 Rd3+ 38. Ke4 Rxh3 39. f6
Ke6 40. Re8+ Kf7 41. Re7+ Kf8 42. Rxc7 Rh4+ 43. Kf5 Ra4 44. e6 Ra8 45. Kg6 a2
46. e7+ Kg8 47. f7+ Kh8 48. f8=R+ Rxf8 49. exf8=Q# 1-0

[Event "DLM 2010"]
[Site "Stuttgart GER"]
[Date "2010.11.20"]
[Round "7"]
[White "Schuhmacher, Jakob"]
[Black "Grigorian, Spartak"]
[Result "0-1"]
[Termination "normal"]
[Board "2.5"]
[WhiteElo "1796"]
[BlackElo "1835"]
[WhiteTeam "Baden"]
[BlackTeam "Niedersachsen"]
[WhiteFideId "4612787"]
[BlackFideId "24661490"]
[EventCountry "GER"]
[EventRounds "7"]
[EventType "team-swiss"]
[EventDate "2010.11.16"]

1. d4 Nf6 2. c4 e6 3. Nc3 Bb4 4. Qc2 d5 5. Nf3 Ne4 6. Bd2 Nxd2 7. Nxd2 dxc4 8.
e3 c5 9. dxc5 Bxc5 10. Bxc4 O-O 11. O-O a6 12. Rfd1 Qc7 13. Bd3 h6 14. Nde4 Bb6
15. Rac1 Nc6 16. a3 Qe7 17. Qe2 Ne5 18. Bb1 Bd7 19. Qh5 Nc4 20. Qg4 f5 21. Nf6+
Rxf6 22. Qxc4 Bc6 23. Ne2 Kh8 24. Ng3 Rg6 25. Qe2 Rg5 26. Kh1 Bc7 27. Rd2 Rf8
28. Rg1 Rf6 29. Bd3 h5 30. Nf1 Rfg6 31. f3 h4 32. e4 f4 33. h3 Bb6 34. Nh2 Bxg1
35. Kxg1 Rxg2+ 36. Qxg2 Rxg2+ 37. Rxg2 e5 38. Ng4 Bd7 39. Kh2 Bxg4 40. Rxg4 g5
41. Rg2 Kg7 42. Bc4 Kf6 43. Bd5 b5 44. Rc2 Qa7 45. Kg2 Qe3 46. Rc6+ Ke7 47.
Rc7+ Kd8 48. Rc2 Qe1 49. Rf2 a5 50. Bc6 b4 51. a4 Ke7 52. Bb5 Kd6 53. Bf1 Kc5
54. Kg1 Qd1 55. Rg2 Qxf3 56. Rxg5 Qxe4 57. Rg4 Qd4+ 58. Kh1 Qxb2 59. Rxh4 Qf2
0-1

[Event "DLM 2010"]
[Site "Stuttgart GER"]
[Date "2010.11.20"]
[Round "7"]
[White "Düssler, Stefanie"]
[Black "Kühnel, Lena"]
[Result "1-0"]
[Termination "normal"]
[Board "2.6"]
[WhiteElo "1868"]
[BlackElo "1865"]
[WhiteTeam "Niedersachsen"]
[BlackTeam "Baden"]
[WhiteFideId "4634780"]
[BlackFideId "24640956"]
[EventCountry "GER"]
[EventRounds "7"]
[EventType "team-swiss"]
[EventDate "2010.11.16"]

1. e4 e5 2. Nf3 Nc6 3. Bb5 a6 4. Ba4 Nf6 5. O-O b5 6. Bb3 Be7 7. Re1 O-O 8. h3
d6 9. c3 Na5 10. Bc2 c5 11. d4 Qc7 12. Nbd2 cxd4 13. cxd4 Nc6 14. Nb3 Bd7 15.
Be3 exd4 16. Nbxd4 d5 17. exd5 Nxd5 18. Nxb5 axb5 19. Qxd5 Nb4 20. Bxh7+ Kxh7
21. Qe4+ Kg8 22. Qxe7 Nd3 23. Red1 Rfe8 24. Qh4 Nxb2 25. Rd5 Ra4 26. Bd4 Re2
27. Ng5 Bc6 28. Qh7+ Kf8 29. Bc5+ 1-0

[Event "DLM 2010"]
[Site "Stuttgart GER"]
[Date "2010.11.20"]
[Round "7"]
[White "Wiesner, Paula"]
[Black "Manusina, Nicole"]
[Result "1-0"]
[Termination "normal"]
[Board "2.7"]
[WhiteElo "1804"]
[BlackElo "1751"]
[WhiteTeam "Baden"]
[BlackTeam "Niedersachsen"]
[WhiteFideId "24654019"]
[BlackFideId "24657514"]
[EventCountry "GER"]
[EventRounds "7"]
[EventType "team-swiss"]
[EventDate "2010.11.16"]

1. d4 d5 2. c4 e6 3. Nc3 Be7 4. cxd5 exd5 5. Nf3 Bf5 6. Qb3 Nc6 7. a3 Na5 8.
Qxd5 Qxd5 9. Nxd5 O-O-O 10. Nxe7+ Nxe7 11. Nd2 Nac6 12. e3 Rhe8 13. Bc4 Bg6 14.
O-O Nd5 15. Nf3 Na5 16. Ba2 Bd3 17. Re1 Bc4 18. Bxc4 Nxc4 19. b3 Nd6 20. Bb2
Ne4 21. Rad1 g5 22. Nd2 f5 23. Nxe4 Rxe4 24. Kf1 h5 25. Bc1 Rh4 26. Kg1 Re4 27.
Bd2 Rde8 28. f3 R4e6 29. Kf2 g4 30. Rc1 h4 31. f4 Nf6 32. Bb4 g3+ 33. hxg3 Ng4+
34. Kg1 hxg3 35. Rc5 Nxe3 36. Re5 Rxe5 37. dxe5 1-0

[Event "DLM 2010"]
[Site "Stuttgart GER"]
[Date "2010.11.20"]
[Round "7"]
[White "Sieber, Fiona"]
[Black "Reiß, Michael"]
[Result "0-1"]
[Termination "normal"]
[Board "2.8"]
[WhiteElo "1637"]
[BlackElo "1617"]
[WhiteTeam "Niedersachsen"]
[BlackTeam "Baden"]
[WhiteFideId "12902373"]
[EventCountry "GER"]
[EventRounds "7"]
[EventType "team-swiss"]
[EventDate "2010.11.16"]

1. e4 d5 2. exd5 Qxd5 3. Nc3 Qa5 4. d4 Nf6 5. Nf3 Nc6 6. Bc4 Bg4 7. O-O O-O-O
8. Ne2 Bxf3 9. gxf3 Ne5 10. dxe5 Rxd1 11. Rxd1 Qxe5 12. Bf4 Qh5 13. Kg2 g5 14.
Bg3 e6 15. Rd3 Be7 16. Rad1 Qg6 17. h3 h5 18. Bb3 g4 19. fxg4 hxg4 20. h4 Ne4
21. Nf4 Qg7 22. c3 b6 23. Bc2 Bxh4 24. Ne2 Bxg3 25. Nxg3 Nxf2 26. Kxf2 Rh2+ 27.
Kg1 Rxc2 28. Rd8+ Kb7 29. R8d2 Rxd2 30. Rxd2 f5 31. Re2 f4 32. Ne4 g3 33. Nd2
Qg4 0-1

[Event "DLM 2010"]
[Site "Stuttgart GER"]
[Date "2010.11.20"]
[Round "7"]
[White "Weber, Max"]
[Black "Krassowizkij, Jaroslaw"]
[Result "0-1"]
[Termination "normal"]
[Board "3.1"]
[WhiteElo "2004"]
[BlackElo "2248"]
[WhiteTeam "Mecklenburg-Vorpommern"]
[BlackTeam "Württemberg 1"]
[WhiteFideId "4624831"]
[BlackFideId "1271703"]
[EventCountry "GER"]
[EventRounds "7"]
[EventType "team-swiss"]
[EventDate "2010.11.16"]

1. d4 Nf6 2. c4 e6 3. g3 d5 4. Nf3 dxc4 5. Bg2 b5 6. a4 c6 7. axb5 cxb5 8. Ne5
Nd5 9. Nc3 f6 10. Ng4 Bb7 11. e4 Nxc3 12. bxc3 Bd6 13. O-O O-O 14. Ne3 a6 15.
Qg4 Qd7 16. Bh3 Bc8 17. Qe2 Ra7 18. f4 Qc6 19. e5 fxe5 20. fxe5 Rxf1+ 21. Bxf1
Bf8 22. Bg2 Qe8 23. Be4 Bb7 24. d5 Nd7 25. Qc2 Nxe5 26. Bxh7+ Kh8 27. Qe4 exd5
28. Nxd5 Bc5+ 29. Kg2 Qf7 30. Qxe5 Qxd5+ 0-1

[Event "DLM 2010"]
[Site "Stuttgart GER"]
[Date "2010.11.20"]
[Round "7"]
[White "Pogan, Nikolas"]
[Black "Lehmann, Ruben"]
[Result "1-0"]
[Termination "normal"]
[Board "3.2"]
[WhiteElo "2150"]
[BlackElo "1892"]
[WhiteTeam "Württemberg 1"]
[BlackTeam "Mecklenburg-Vorpommern"]
[WhiteFideId "24673579"]
[BlackFideId "24671177"]
[EventCountry "GER"]
[EventRounds "7"]
[EventType "team-swiss"]
[EventDate "2010.11.16"]

1. d4 d5 2. c4 c6 3. Nf3 Nf6 4. e3 e6 5. b3 Ne4 6. Bb2 Bb4+ 7. Nbd2 Nd7 8. Bd3
f5 9. O-O O-O 10. a3 Bd6 11. b4 Rf6 12. Ne5 Rh6 13. g3 Ndf6 14. f3 Ng5 15. h4
Nf7 16. Kg2 Nh5 17. Rh1 Nf6 18. g4 Bxe5 19. dxe5 Nd7 20. g5 Rxh4 21. Rxh4 Qxg5+
22. Kh3 Qxe3 23. Qe2 f4 24. Bxh7+ Kf8 25. Qxe3 fxe3 26. Nf1 Ndxe5 27. Bxe5 Nxe5
28. Nxe3 Nxf3 29. Rf4+ 1-0

[Event "DLM 2010"]
[Site "Stuttgart GER"]
[Date "2010.11.20"]
[Round "7"]
[White "Schreiber, Kevin"]
[Black "Braun, Georg"]
[Result "0-1"]
[Termination "normal"]
[Board "3.3"]
[WhiteElo "1755"]
[BlackElo "2073"]
[WhiteTeam "Mecklenburg-Vorpommern"]
[BlackTeam "Württemberg 1"]
[WhiteFideId "24655830"]
[BlackFideId "24629383"]
[EventCountry "GER"]
[EventRounds "7"]
[EventType "team-swiss"]
[EventDate "2010.11.16"]

1. d4 Nf6 2. c4 c5 3. e3 cxd4 4. exd4 g6 5. Nc3 d5 6. Bg5 Bg7 7. Bxf6 Bxf6 8.
Nxd5 Bg7 9. Nf3 Nc6 10. Be2 e6 11. Nc3 Nxd4 12. Nxd4 Qxd4 13. Qxd4 Bxd4 14. Nb5
Bxb2 15. Rd1 Be5 16. O-O Bd7 17. f4 a6 18. Nd6+ Bxd6 19. Rxd6 Bc6 20. Bf3 Ke7
21. c5 Bxf3 22. Rxf3 Rhd8 23. Rb6 Rd7 24. Rfb3 Rc8 25. Rxb7 Rxc5 26. Rxd7+ Kxd7
27. a3 Rb5 28. Rc3 Rb2 29. h3 Ra2 30. Kh2 a5 31. Kg3 a4 32. Kf3 Rb2 33. Ke4
Rxg2 34. Rc4 Rg3 35. Rxa4 Ke7 36. Ra7+ Kf6 37. h4 Rh3 38. a4 Rxh4 39. a5 g5 40.
Kd4 Rxf4+ 41. Kc5 Ra4 42. Kb6 g4 43. Rc7 h5 44. Rc2 g3 45. Rg2 h4 46. a6 Kg5
47. a7 f5 48. Rc2 Rxa7 0-1

[Event "DLM 2010"]
[Site "Stuttgart GER"]
[Date "2010.11.20"]
[Round "7"]
[White "Erben, Larissa"]
[Black "Valet, Alexander"]
[Result "1-0"]
[Termination "normal"]
[Board "3.4"]
[WhiteElo "2092"]
[BlackElo "1926"]
[WhiteTeam "Württemberg 1"]
[BlackTeam "Mecklenburg-Vorpommern"]
[WhiteFideId "24634590"]
[BlackFideId "24682560"]
[EventCountry "GER"]
[EventRounds "7"]
[EventType "team-swiss"]
[EventDate "2010.11.16"]

1. e4 d5 2. exd5 Qxd5 3. Nc3 Qa5 4. d4 c6 5. Bc4 Bf5 6. Bd2 e6 7. Nf3 Nf6 8.
Qe2 Bb4 9. O-O-O Nbd7 10. Ne5 Nxe5 11. dxe5 Nd5 12. Ne4 Bxd2+ 13. Rxd2 Bxe4 14.
Qxe4 O-O-O 15. Rhd1 Nb4 16. a3 Rxd2 17. Rxd2 Nd5 18. f4 Qb6 19. Bxd5 cxd5 20.
Qe1 Kd7 21. g4 h5 22. Qg3 g6 23. f5 hxg4 24. fxg6 fxg6 25. Kb1 Qc7 26. Qf4 Rh5
27. Qf7+ Kd8 28. Qf6+ Kd7 29. Qf7+ Kd8 30. Qf8+ Kd7 31. Rf2 Rf5 32. Rxf5 gxf5
33. Qf7+ Kd8 34. Qxe6 Qd7 35. Qf6+ Ke8 36. e6 Qh7 37. Qe5 Qg6 38. Qxd5 Qh7 39.
Qb5+ Kd8 40. Qd5+ Ke8 41. Qd6 Qe7 42. Qb8+ Qd8 43. Qxb7 Qf6 44. Qc6+ Ke7 45.
Qd7+ Kf8 46. e7+ Qxe7 47. Qxf5+ Ke8 48. Qxg4 1-0

[Event "DLM 2010"]
[Site "Stuttgart GER"]
[Date "2010.11.20"]
[Round "7"]
[White "Rogasch, Miriam"]
[Black "Kvetny, Mark"]
[Result "0-1"]
[Termination "normal"]
[Board "3.5"]
[WhiteElo "1803"]
[BlackElo "1984"]
[WhiteTeam "Mecklenburg-Vorpommern"]
[BlackTeam "Württemberg 1"]
[WhiteFideId "4616324"]
[BlackFideId "24603929"]
[EventCountry "GER"]
[EventRounds "7"]
[EventType "team-swiss"]
[EventDate "2010.11.16"]

1. e4 c5 2. Nf3 d6 3. d4 cxd4 4. Nxd4 Nf6 5. Bd3 a6 6. O-O e5 7. Nb3 Be7 8. c4
b6 9. Nc3 Bb7 10. Be3 O-O 11. Rc1 Nbd7 12. Qe2 Qb8 13. f4 Bc6 14. f5 b5 15. Nd5
Bd8 16. Qf3 bxc4 17. Bxc4 Bxd5 18. Bxd5 Nxd5 19. exd5 a5 20. g4 a4 21. Nd2 Qxb2
22. Nc4 Qxa2 23. Rf2 Qb3 24. g5 Rc8 25. Nxd6 Rxc1+ 26. Bxc1 Bb6 27. Qg2 Qd1+
28. Qf1 Qg4+ 29. Qg2 Qd1+ 30. Qf1 Bxf2+ 31. Kxf2 Qxf1+ 32. Kxf1 Rb8 33. Ke2 Nb6
34. Bb2 Nxd5 35. Bxe5 a3 36. Kd2 a2 0-1

[Event "DLM 2010"]
[Site "Stuttgart GER"]
[Date "2010.11.20"]
[Round "7"]
[White "Schäfer, Daniela"]
[Black "Schmekel, Florian"]
[Result "1-0"]
[Termination "normal"]
[Board "3.6"]
[WhiteElo "1935"]
[BlackElo "1561"]
[WhiteTeam "Württemberg 1"]
[BlackTeam "Mecklenburg-Vorpommern"]
[WhiteFideId "4624769"]
[BlackFideId "12913456"]
[EventCountry "GER"]
[EventRounds "7"]
[EventType "team-swiss"]
[EventDate "2010.11.16"]

1. e4 c5 2. Nf3 Nc6 3. Bb5 g6 4. O-O Bg7 5. c3 d6 6. Re1 Bd7 7. Bc4 a6 8. a4
Na5 9. Ba2 b5 10. axb5 axb5 11. Bd5 Nc6 12. Rxa8 Qxa8 13. Na3 Qa5 14. Qe2 e6
15. Nxb5 Ke7 16. Bc4 Ne5 17. Nxe5 Bxe5 18. Na3 Bc6 19. d3 Kd7 20. f4 Bg7 21. f5
Nh6 22. fxe6+ fxe6 23. Rf1 Qd8 24. Bxh6 Bxh6 25. Qg4 Qe7 26. Bxe6+ Kd8 27. Rf7
Qg5 28. Qxg5+ Bxg5 29. Nc4 Be7 30. Na5 Bd7 31. Nb7+ 1-0

[Event "DLM 2010"]
[Site "Stuttgart GER"]
[Date "2010.11.20"]
[Round "7"]
[White "Schumann, Rabea"]
[Black "Walter, Kevin"]
[Result "0-1"]
[Termination "normal"]
[Board "3.7"]
[WhiteElo "1128"]
[BlackElo "1757"]
[WhiteTeam "Mecklenburg-Vorpommern"]
[BlackTeam "Württemberg 1"]
[WhiteFideId "12918199"]
[BlackFideId "12906654"]
[EventCountry "GER"]
[EventRounds "7"]
[EventType "team-swiss"]
[EventDate "2010.11.16"]

1. e4 c5 2. Nf3 d6 3. d4 cxd4 4. Nxd4 Nf6 5. Nc3 a6 6. Be3 e6 7. Bd3 Be7 8. O-O
O-O 9. Qd2 b5 10. Rad1 Bb7 11. f3 Nbd7 12. Nce2 d5 13. exd5 Nxd5 14. Kh1 Bf6
15. c3 Qc7 16. Ng3 Nxe3 17. Qxe3 g6 18. Ne4 Bg7 19. Rd2 Rfd8 20. Rfd1 Nb6 21.
Qf2 Nd5 22. Bc2 Bh6 23. Re2 Nf4 24. Ree1 Bxe4 25. Bxe4 Rac8 26. g3 Nd5 27. Re2
Ne3 28. Rde1 Nc4 29. f4 Bg7 30. Bd3 Nxb2 31. Rxb2 Qxc3 32. Rc2 Qxd3 33. Rxc8
Rxc8 34. Nf3 Rc2 35. Qe3 Qxe3 36. Rxe3 Rxa2 37. Rd3 Bf6 38. Rd6 b4 39. Rb6 a5
0-1